00363nam a2200145Ia 4500008004100000100001800041245003600059245001700095260002000112260000900132300002200141440002900163650001100192650001400203190516s9999 xx 000 0 und d aRubin, Robert 4aThe Gift of mother's intuition/ cRobert Rubin bManila Bulletin c2019 aPage C3, March 16 aManila Bulletinv555: 16 afamily aparenting